000 00728nam a2200205Ia 4500
005 20251020182541.0
008 200515s9999 xx 000 0 und d
082 _a741.02/CH56
100 _aCHING, Francis D. K.JUROSZEK, Stevens P.
245 0 _aDibujo y proyecto
260 _aMéxico, D.F.
260 _c1998
300 _a345
500 _a1 ejemplar
520 _aIlustrado con mas de 1.500 dibujos a mano alzada, trata de los principios tradicionales básicos de la expresión gráfica, desde la línea a la forma, la sombra y el espacio. A su vez, trata también de los más frecuentes sistemas de representación: el sistem
650 _aDIBUJO
650 _aLIB
650 _aSISTEMAS GRAFICOS
942 _cLIB
999 _c2391
_d2391